000
00357nam a2200145Ia 4500
008
151213s9999 xx 000 0 und d
100
_a
Thomas Hardy
245
_a
Tess of The Durbervilles
_c
Thomas Hardy
260
_a
New York
_b
Oxford Press
_c
1998
300
_a
3524 p.
650
_a
English
650
_a
English
700
_a
Thomas Hardy
999
_c
2331
_d
2331